Physics for scientists & engineers with modern physics / (Record no. 13027)

MARC details
000 -LEADER
fixed length control field 01163pam a2200301 a 4500
001 - CONTROL NUMBER
control field 11978400
003 - CONTROL NUMBER IDENTIFIER
control field OSt
005 - DATE AND TIME OF LATEST TRANSACTION
control field 20211015144220.0
008 - FIXED-LENGTH DATA ELEMENTS--GENERAL INFORMATION
fixed length control field 000418s2000 njua 001 0 eng
010 ## - LIBRARY OF CONGRESS CONTROL NUMBER
LC control number 00031382
020 ## - INTERNATIONAL STANDARD BOOK NUMBER
International Standard Book Number 0130215198
040 ## - CATALOGING SOURCE
Original cataloging agency DDC
Transcribing agency HU
Modifying agency DLC
050 00 - LIBRARY OF CONGRESS CALL NUMBER
Classification number QC21.2
Item number .G52 2000
082 00 - DEWEY DECIMAL CLASSIFICATION NUMBER
Classification number 530/GLA
Edition number 20
100 1# - MAIN ENTRY--PERSONAL NAME
Personal name Giancoli, Douglas C.
9 (RLIN) 1998
245 10 - TITLE STATEMENT
Title Physics for scientists & engineers with modern physics /
Statement of responsibility, etc. Douglas C. Giancoli.
246 3# - VARYING FORM OF TITLE
Title proper/short title Physics for scientists and engineers with modern physics
250 ## - EDITION STATEMENT
Edition statement 3rd ed.
260 ## - PUBLICATION, DISTRIBUTION, ETC.
Place of publication, distribution, etc. Upper Saddle River, N.J. :
Name of publisher, distributor, etc. Prentice Hall,
Date of publication, distribution, etc. c2000.
300 ## - PHYSICAL DESCRIPTION
Extent 1 v. (various pagings) :
Other physical details ill. (some col.) ;
Dimensions 28 cm.
500 ## - GENERAL NOTE
General note Rev. ed. of: Physics for scientists and engineers with modern physics. 2nd ed. c1988.
500 ## - GENERAL NOTE
General note Includes index.
650 #0 - SUBJECT ADDED ENTRY--TOPICAL TERM
Topical term or geographic name entry element Physics.
9 (RLIN) 1999
700 1# - ADDED ENTRY--PERSONAL NAME
Personal name Giancoli, Douglas C.
Title of a work Physics for scientists and engineers with modern physics.
9 (RLIN) 13950
906 ## - LOCAL DATA ELEMENT F, LDF (RLIN)
a 7
b cbc
c orignew
d 1
e ocip
f 20
g y-gencatlg
942 ## - ADDED ENTRY ELEMENTS (KOHA)
Source of classification or shelving scheme Dewey Decimal Classification
Koha item type Books like text book referance book
Suppress in OPAC No
Holdings
Withdrawn status Lost status Source of classification or shelving scheme Damaged status Not for loan Home library Current library Date acquired Total Checkouts Full call number Barcode Date last seen Copy number Price effective from Koha item type
    Dewey Decimal Classification     Natural & Computational Science Library Natural & Computational Science Library 10/15/2021   530/GIA NSCLIB000018859 10/15/2021 3 10/15/2021 Books like text book referance book
    Dewey Decimal Classification     Natural & Computational Science Library Natural & Computational Science Library 10/15/2021   530/GIA NSCLIB000018860 10/15/2021 4 10/15/2021 Books like text book referance book
    Dewey Decimal Classification     Natural & Computational Science Library Natural & Computational Science Library 10/15/2021   530/GIA NSCLIB000018861 10/15/2021 7 10/15/2021 Books like text book referance book
    Dewey Decimal Classification     Natural & Computational Science Library Natural & Computational Science Library 10/26/2021   530/GLA NSCLIB000010719 10/26/2021 2 10/26/2021 Books like text book referance book
    Dewey Decimal Classification     Natural & Computational Science Library Natural & Computational Science Library 10/26/2021   530/GLA NSCLIB000010529 10/26/2021 1 10/26/2021 Books like text book referance book